[Event "Moscow op-A 16th"]
[Site "Moscow"]
[Date "2020.01.29"]
[Round "5"]
[White "Murtazin, Bulat"]
[Black "Skorodelov, Semen"]
[Result "1/2-1/2"]
[WhiteElo "2369"]
[BlackElo "2228"]
[PlyCount "119"]
[EventDate "2020.01.25"]
[EventType "swiss"]
[EventRounds "9"]
[EventCountry "RUS"]
[SourceTitle "CBM 194 Extra"]
[Source "ChessBase"]
[SourceDate "2020.03.31"]
[SourceVersion "1"]
[SourceVersionDate "2020.03.31"]
[SourceQuality "1"]

1. d4 Nf6 2. c4 e6 3. Nc3 Bb4 4. Qc2 d5 5. cxd5 exd5 6. Bg5 c6 7. e3 Be7 8. Bd3 Nbd7 9. Nge2 Nf8 10. 0-0 Ne6 11. Bh4 g6 12. Rad1 0-0 13. f3 Nh5 14. Bf2 f5 15. Qb3 Qb6 16. Qxb6 axb6 17. e4 fxe4 18. fxe4 Nef4 19. exd5 cxd5 20. Nxf4 Nxf4 21. Bc2 Bg4 22. Rd2 Bb4 23. Bb3 Bxc3 24. bxc3 Ne2+ 25. Rxe2 Bxe2 26. Bxd5+ Kg7 27. Re1 Rfe8 28. Bg3 Ra5 29. Bb3 Bb5 30. Be5+ Kh6 31. Re3 Bd7 32. Bf7 Rf8 33. Rf3 Bf5 34. Bb3 Re8 35. Re3 Bd7 36. Re4 g5 37. h4 Kg6 38. hxg5 Bf5 39. Re3 Raa8 40. Rf3 Rf8 41. Bd6 Rfd8 42. Be7 Re8 43. Re3 b5 44. d5 Ra6 45. Kf2 Rea8 46. Kf3 Rxa2 47. Bxa2 Rxa2 48. Bc5 Rd2 49. Bd4 Rd3 50. Rxd3 Bxd3 51. Kf4 Kf7 52. Bf6 Ke8 53. Ke5 Kd7 54. Kd4 Bf1 55. g3 Bg2 56. Bg7 Bf3 57. Bf8 Bg2 58. Ke5 Bf1 59. Kf6 Bd3 60. Ba3 1/2-1/2

[Event "Moscow op-A 16th"]
[Site "Moscow"]
[Date "2020.01.28"]
[Round "4"]
[White "Skorodelov, Semen"]
[Black "Bogaudinov, Rushan"]
[Result "1-0"]
[WhiteElo "2228"]
[BlackElo "2027"]
[PlyCount "82"]
[EventDate "2020.01.25"]
[EventType "swiss"]
[EventRounds "9"]
[EventCountry "RUS"]
[SourceTitle "CBM 194 Extra"]
[Source "ChessBase"]
[SourceDate "2020.03.31"]
[SourceVersion "1"]
[SourceVersionDate "2020.03.31"]
[SourceQuality "1"]

1. Nf3 Nf6 2. g3 b6 3. Bg2 Bb7 4. 0-0 e6 5. d4 c5 6. b3 Be7 7. Bb2 0-0 8. e3 Qc7 9. Nbd2 d5 10. c4 Nc6 11. Qe2 Rac8 12. Rac1 dxc4 13. Nxc4 cxd4 14. exd4 Qb8 15. Rfd1 Rfd8 16. Ne3 Nb4 17. a3 Ba6 18. Nc4 Nbd5 19. Nfe5 Bf8 20. Bh3 Re8 21. Nxf7 Kxf7 22. Ne5+ Kg8 23. Qxa6 Nc7 24. Qe2 Qb7 25. Rc2 Ncd5 26. Rdc1 Rxc2 27. Qxc2 Nd7 28. Nc4 b5 29. Na5 Qb6 30. b4 Qd6 31. Qe2 Qb8 32. Rc6 N7f6 33. Rxe6 Rxe6 34. Qxe6+ Kh8 35. Nc6 Qc7 36. Bg2 Ne7 37. d5 Nxc6 38. dxc6 Qd8 39. Bxf6 gxf6 40. Bd5 Kg7 41. Qf7+ Kh6 1-0

[Event "Moscow op-A 16th"]
[Site "Moscow"]
[Date "2020.01.26"]
[Round "2"]
[White "Skorodelov, Semen"]
[Black "Slugin, Yaroslav"]
[Result "1-0"]
[WhiteElo "2228"]
[BlackElo "2055"]
[PlyCount "97"]
[EventDate "2020.01.25"]
[EventType "swiss"]
[EventRounds "9"]
[EventCountry "RUS"]
[SourceTitle "CBM 194 Extra"]
[Source "ChessBase"]
[SourceDate "2020.03.31"]
[SourceVersion "1"]
[SourceVersionDate "2020.03.31"]
[SourceQuality "1"]

1. Nf3 Nf6 2. g3 b5 3. Bg2 Bb7 4. d4 e6 5. b3 c5 6. 0-0 Be7 7. Bb2 0-0 8. e3 d6 9. Nbd2 Nbd7 10. Qe2 a6 11. c4 Qb6 12. Rfc1 Ne4 13. Ne1 Nxd2 14. Qxd2 Bxg2 15. Nxg2 Bf6 16. Nf4 bxc4 17. bxc4 cxd4 18. exd4 Bg5 19. Rab1 Rab8 20. Qe3 e5 21. dxe5 dxe5 22. Qxb6 Rxb6 23. Ba3 exf4 24. Bxf8 Kxf8 25. Rxb6 Nxb6 26. h4 Be7 27. c5 Nc8 28. Rb1 Ke8 29. c6 fxg3 30. fxg3 Bc5+ 31. Kg2 Nb6 32. Rd1 Nc8 33. Kf3 Bd6 34. Rb1 Kd8 35. Rb7 Bc7 36. Rb4 Ne7 37. Rc4 a5 38. g4 Bd6 39. Rc1 Ng6 40. Ke4 Kc7 41. h5 Ne5 42. g5 a4 43. Rc3 a3 44. Kd5 Bb4 45. Rc1 Nd3 46. Rf1 f5 47. gxf6 gxf6 48. Kc4 Be7 49. Kxd3 1-0

[Event "Moscow op-A 14th"]
[Site "Moscow"]
[Date "2018.02.02"]
[Round "7"]
[White "Dudin, Gleb"]
[Black "Skorodelov, Semen"]
[Result "1/2-1/2"]
[WhiteElo "2073"]
[BlackElo "2239"]
[PlyCount "58"]
[EventDate "2018.01.27"]
[EventType "swiss"]
[EventRounds "9"]
[EventCountry "RUS"]
[SourceTitle "CBM 182 Extra"]
[Source "ChessBase"]
[SourceDate "2018.02.23"]
[SourceVersion "1"]
[SourceVersionDate "2018.02.23"]
[SourceQuality "1"]

1. d4 Nf6 2. c4 e6 3. Nc3 Bb4 4. e3 0-0 5. Bd3 d5 6. a3 Be7 7. cxd5 exd5 8. Nge2 b6 9. b4 c5 10. bxc5 bxc5 11. dxc5 Bxc5 12. 0-0 Nbd7 13. Bb2 Nb6 14. Nb5 Bd7 15. Bd4 Bxd4 16. Nexd4 Bxb5 17. Nxb5 Qe7 18. Qb3 Rfe8 19. Rfc1 g6 20. Nd4 Qe5 21. h3 Ne4 22. Bxe4 Qxe4 23. Ne2 Nc4 24. Rc3 Rac8 25. Rac1 h5 26. Nd4 Qe7 27. R3c2 Qe4 28. Rc3 Qe7 29. R3c2 Qe4 1/2-1/2

[Event "Moscow op-A 14th"]
[Site "Moscow"]
[Date "2018.01.29"]
[Round "3"]
[White "Samadov, Read"]
[Black "Skorodelov, Semen"]
[Result "1/2-1/2"]
[WhiteElo "2007"]
[BlackElo "2239"]
[PlyCount "117"]
[EventDate "2018.01.27"]
[EventType "swiss"]
[EventRounds "9"]
[EventCountry "RUS"]
[SourceTitle "CBM 182 Extra"]
[Source "ChessBase"]
[SourceDate "2018.02.23"]
[SourceVersion "1"]
[SourceVersionDate "2018.02.23"]
[SourceQuality "1"]

1. e4 c6 2. d4 d5 3. Nc3 dxe4 4. Nxe4 Nf6 5. Nxf6+ exf6 6. c3 Qe7+ 7. Be3 g6 8. Nf3 Bg7 9. Bc4 Nd7 10. Bb3 Nb6 11. c4 0-0 12. 0-0 Rd8 13. Re1 Qc7 14. Qe2 Bg4 15. h3 Bxf3 16. Qxf3 f5 17. Rad1 Qd7 18. a4 Qc8 19. a5 Nd7 20. Bg5 Bf6 21. Be3 Qc7 22. a6 bxa6 23. Ba4 Rac8 24. c5 Nf8 25. Bb3 Ne6 26. Bxe6 fxe6 27. Bf4 Qf7 28. Bd6 Re8 29. Qe2 Qb7 30. Qc4 Qb5 31. Qa2 Kf7 32. Rd2 Qb7 33. Rde2 Qd7 34. Qc4 a5 35. Ra1 Bd8 36. Re3 Bc7 37. Bxc7 Qxc7 38. Rea3 Re7 39. Rxa5 Rd8 40. b4 Qf4 41. Rxa7 Rxd4 42. Rxe7+ Kxe7 43. Qa6 Rd2 44. Qb7+ Kf6 45. Rf1 h6 46. Qxc6 Qxb4 47. Re1 Qc4 48. Qc8 Kg5 49. Qxe6 Qxc5 50. Qe3+ Qxe3 51. Rxe3 h5 52. Rg3+ Kf6 53. f4 h4 54. Ra3 Ke6 55. g3 Kf6 56. gxh4 Rd4 57. Rf3 Kg7 58. Kf2 Kh6 59. Kg3 1/2-1/2

[Event "Moscow op-A 14th"]
[Site "Moscow"]
[Date "2018.01.28"]
[Round "2"]
[White "Skorodelov, Semen"]
[Black "Savenkov, Konstantin"]
[Result "0-1"]
[WhiteElo "2239"]
[BlackElo "2426"]
[PlyCount "98"]
[EventDate "2018.01.27"]
[EventType "swiss"]
[EventRounds "9"]
[EventCountry "RUS"]
[SourceTitle "CBM 182 Extra"]
[Source "ChessBase"]
[SourceDate "2018.02.23"]
[SourceVersion "1"]
[SourceVersionDate "2018.02.23"]
[SourceQuality "1"]

1. e4 e6 2. Nc3 d5 3. g3 Ne7 4. d3 c5 5. Bg2 g6 6. Nge2 Bg7 7. 0-0 0-0 8. exd5 Nxd5 9. Nxd5 exd5 10. Nf4 d4 11. Bd2 Nd7 12. h3 Ne5 13. b3 Rb8 14. a4 Bd7 15. Kh2 Re8 16. Ne2 Bc6 17. Bxc6 Nxc6 18. Ng1 a6 19. Re1 Rxe1 20. Qxe1 Qd7 21. Qf1 h5 22. Nf3 b5 23. axb5 axb5 24. Bf4 Rc8 25. Re1 Nb4 26. Re2 Qd5 27. Ne1 c4 28. bxc4 bxc4 29. Qg2 Qb5 30. Qf3 Nd5 31. dxc4 Qxc4 32. Nd3 Nc3 33. Re1 Nb5 34. Re2 Na3 35. Ne5 Qb5 36. Nxf7 Kxf7 37. Bd6+ Kg8 38. Bxa3 Rc3 39. Qa8+ Kh7 40. Rd2 Qg5 41. Bc1 Qf5 42. Kg2 h4 43. g4 Qb5 44. Ba3 Rc6 45. Qd8 Rf6 46. Qxd4 Rf3 47. Qc5 Qb7 48. Kh2 Rxh3+ 49. Kxh3 Qh1# 0-1

[Event "Moscow op-A 13th"]
[Site "Moscow"]
[Date "2017.02.03"]
[Round "7"]
[White "Kavyev, Ruslan"]
[Black "Skorodelov, Semen"]
[Result "0-1"]
[WhiteElo "2111"]
[BlackElo "2258"]
[PlyCount "196"]
[EventDate "2017.01.28"]
[EventType "swiss"]
[EventRounds "9"]
[EventCountry "RUS"]
[SourceTitle "EXT 2018"]
[Source "ChessBase"]
[SourceDate "2017.10.13"]
[SourceVersion "1"]
[SourceVersionDate "2017.10.13"]
[SourceQuality "1"]

1. e4 d5 2. exd5 Qxd5 3. Nc3 Qd6 4. d4 Nf6 5. Nb5 Qd8 6. c4 c6 7. Nc3 g6 8. Nf3 Bg7 9. Be2 Bf5 10. 0-0 Ne4 11. Bf4 0-0 12. Qb3 Qb6 13. Qa3 Qd8 14. Rad1 Nxc3 15. Qxc3 Nd7 16. Qd2 Nf6 17. Bh6 Bg4 18. Bxg7 Kxg7 19. Qe3 Bxf3 20. Bxf3 Re8 21. d5 cxd5 22. Bxd5 Qc7 23. h3 a5 24. Qf3 Rab8 25. g3 b6 26. Qc3 e5 27. Rfe1 Re7 28. Bg2 Rbe8 29. Rd2 h5 30. a3 Re6 31. b4 axb4 32. axb4 Nd7 33. Red1 R8e7 34. Rd5 f5 35. c5 bxc5 36. bxc5 Kh7 37. Bf1 Nf6 38. Rd6 Ne4 39. Qb4 Qxc5 40. Qxc5 Nxc5 41. Rd8 Re8 42. R8d5 Ne4 43. Bb5 R8e7 44. Rc1 Rd6 45. Rxd6 Nxd6 46. Be2 Kg7 47. h4 Ne4 48. Rc8 Rd7 49. Bf3 Nf6 50. Kf1 Ra7 51. Rc5 e4 52. Be2 Nd7 53. Rd5 Kf7 54. Bb5 Nf6 55. Rd6 Kg7 56. Be2 Ra1+ 57. Kg2 Ra2 58. Kf1 Rc2 59. Rd8 Rc5 60. Rd6 Rc7 61. Kg2 Re7 62. Ra6 Ne8 63. Bc4 Rc7 64. Be2 Nf6 65. Rd6 Rf7 66. Bc4 Rf8 67. Ra6 Kh8 68. Ra5 Rc8 69. Ra6 Ng4 70. Be2 Ne5 71. Ra5 Re8 72. Rd5 Re6 73. Bb5 Kg7 74. Kf1 Kf6 75. Kg2 g5 76. hxg5+ Kxg5 77. Rd8 Rb6 78. Be2 Ng6 79. Rg8 h4 80. Bc4 hxg3 81. Kxg3 f4+ 82. Kg2 Kf6 83. Ra8 Rb4 84. Ra6+ Kg5 85. Ra5+ Kh6 86. Bd5 Rd4 87. Bc6 Kg7 88. Bb7 Kh6 89. Ra6 Kg5 90. Ra5+ Kh4 91. Rf5 Kg4 92. Ra5 f3+ 93. Kh2 Kf4 94. Ra3 Rb4 95. Bd5 Rb2 96. Kg1 Rb5 97. Bc6 Rg5+ 98. Kf1 Rc5 0-1

[Event "Moscow op-A 13th"]
[Site "Moscow"]
[Date "2017.02.01"]
[Round "5"]
[White "Yeritsyan, Aram"]
[Black "Skorodelov, Semen"]
[Result "1-0"]
[WhiteElo "2115"]
[BlackElo "2258"]
[PlyCount "119"]
[EventDate "2017.01.28"]
[EventType "swiss"]
[EventRounds "9"]
[EventCountry "RUS"]
[SourceTitle "EXT 2018"]
[Source "ChessBase"]
[SourceDate "2017.10.13"]
[SourceVersion "1"]
[SourceVersionDate "2017.10.13"]
[SourceQuality "1"]

1. e4 c6 2. d4 d5 3. Nc3 dxe4 4. Nxe4 Nf6 5. Nxf6+ exf6 6. c3 Bd6 7. Bd3 Be6 8. Ne2 Qc7 9. Qc2 Nd7 10. Be3 Nf8 11. f4 g6 12. f5 gxf5 13. g3 Ng6 14. Bxf5 0-0-0 15. 0-0 Rhe8 16. Nf4 Nxf4 17. Bxf4 h5 18. Bxe6+ Rxe6 19. Qf5 Bxf4 20. Rxf4 Rd5 21. Qc2 Qe7 22. Kf2 Rd8 23. Rf1 Kc7 24. Kg1 h4 25. Rxh4 Re2 26. Qc1 Kb6 27. Rhf4 Rd6 28. R4f2 Rde6 29. Qf4 R2e4 30. Qf5 Qd7 31. Qc5+ Ka6 32. Qa3+ Kb6 33. Qc5+ Ka6 34. Rxf6 Rxf6 35. Rxf6 Qg4 36. Rxc6+ b6 37. Qc4+ Kb7 38. Rc7+ Kb8 39. Rxf7 Qd1+ 40. Rf1 Re1 41. Qg8+ Kc7 42. Qg7+ Kc6 43. Qf6+ Kd7 44. Qf5+ Kc6 45. Qf6+ Kd7 46. Qf5+ Kc6 47. Qe6+ Rxe6 48. Rxd1 Re2 49. Rf1 Rxb2 50. Rf2 Rb1+ 51. Kg2 Rc1 52. h4 Kd5 53. h5 Rxc3 54. h6 Rc6 55. h7 Rh6 56. Rf7 a5 57. g4 Ke6 58. g5 Rh5 59. g6 Rh6 60. Rg7 1-0

[Event "Moscow op-A 13th"]
[Site "Moscow"]
[Date "2017.01.30"]
[Round "3"]
[White "Skorodelov, Semen"]
[Black "Geivondian, Arman"]
[Result "1/2-1/2"]
[WhiteElo "2258"]
[BlackElo "2389"]
[PlyCount "62"]
[EventDate "2017.01.28"]
[EventType "swiss"]
[EventRounds "9"]
[EventCountry "RUS"]
[SourceTitle "EXT 2018"]
[Source "ChessBase"]
[SourceDate "2017.10.13"]
[SourceVersion "1"]
[SourceVersionDate "2017.10.13"]
[SourceQuality "1"]

1. e4 e6 2. d3 d5 3. Nd2 Nf6 4. Ngf3 b6 5. c3 Be7 6. Be2 0-0 7. 0-0 c5 8. Re1 Nc6 9. Bf1 Qc7 10. a3 Rd8 11. b4 cxb4 12. cxb4 dxe4 13. dxe4 Ng4 14. h3 Bf6 15. Rb1 Nge5 16. Qc2 Qd7 17. Bb2 Nxf3+ 18. Nxf3 Bxb2 19. Qxb2 Bb7 20. Rbc1 Rac8 21. Re3 h6 22. Bb5 Qe7 23. Rce1 Rc7 24. Qa1 a5 25. bxa5 Nxa5 26. Ne5 Qc5 27. a4 Rd2 28. Nf3 Rd8 29. Ne5 Rd2 30. Nf3 Rd8 31. Ne5 Rd2 1/2-1/2